MARC

Tag First Indicator Second Indicator Subfields
LEADER 00000cam a2200000 a 4500
001 in00000990991
005 20230724144925.0
008 920103s1990 wiua b 000 0 eng
010 |a  92100814  
019 |a 22352451  |a 23699813 
029 1 |a NLGGC  |b 094610290 
029 1 |a NZ1  |b 4273111 
035 |a (OCoLC)ocm26055715  
035 |a (OCoLC)26055715  |z (OCoLC)22352451  |z (OCoLC)23699813 
035 |a (OCoLC)ocm26055715  
040 |a DLC  |b eng  |c DLC  |d MUQ  |d BTCTA  |d OCLCO  |d OCLCF  |d OCLCQ  |d LGG  |d OCLCO  |d OCL 
043 |a n-us-wi 
050 0 0 |a TR6.U62  |b M564 1990 
055 3 |a TR6.U62  |b M44 
082 4 |a 770.9 
110 2 |a Golda Meir Library.  |b American Geographical Society Collection. 
245 1 0 |a Kaleidoscope of history :  |b photographic collections in the Golda Meir Library /  |c edited by Ellen M. Murphy and Jeane M. Knapp. 
260 |a [Milwaukee, Wis.] :  |b American Geographical Society Collection of the Golda Meir Library, the University of Wisconsin-Milwaukee,  |c 1990. 
300 |a xiii, 115 pages :  |b illustrations ;  |c 28 cm. 
336 |a text  |b txt  |2 rdacontent 
337 |a unmediated  |b n  |2 rdamedia 
338 |a volume  |b nc  |2 rdacarrier 
490 1 |a American Geographical Society Collection special publication ;  |v no. 1 
504 |a Includes bibliographical references. 
610 2 0 |a Golda Meir Library.  |b American Geographical Society Collection  |x Photograph collections. 
650 0 |a Photograph collections  |z Wisconsin  |z Milwaukee. 
650 0 |a Photography in geography. 
650 0 |a Libraries  |z Wisconsin  |z Milwaukee  |x Special collections  |x Pictures. 
610 2 6 |a Golda Meir Library.  |b American Geographical Society Collection  |x Collections de photographies. 
650 6 |a Photothèques  |z Wisconsin  |z Milwaukee. 
650 6 |a Photographie en géographie. 
650 6 |a Collections de photographies  |z Wisconsin  |z Milwaukee. 
610 2 7 |a Golda Meir Library.  |b American Geographical Society Collection.  |2 fast  |0 (OCoLC)fst00665379 
650 7 |a Libraries  |x Special collections.  |2 fast  |0 (OCoLC)fst00997450 
650 7 |a Photograph collections.  |2 fast  |0 (OCoLC)fst01061600 
650 7 |a Photography in geography.  |2 fast  |0 (OCoLC)fst01061859 
651 7 |a Wisconsin  |z Milwaukee.  |2 fast  |0 (OCoLC)fst01206626 
655 7 |a Pictures.  |2 fast  |0 (OCoLC)fst01986252 
700 1 |a Murphy, Ellen M. 
700 1 |a Knapp, Jeane M. 
776 0 8 |i Online version:  |a Golda Meir Library. American Geographical Society Collection.  |t Kaleidoscope of history.  |d [Milwaukee, Wis.] : American Geographical Society Collection of the Golda Meir Library, the University of Wisconsin-Milwaukee, 1990  |w (OCoLC)757252957 
830 0 |a American Geographical Society Collection special publication ;  |v no. 1. 
938 |a Baker and Taylor  |b BTCP  |n 92100814 
948 |h HELD BY TXA - 109 OTHER HOLDINGS 
994 |a Z0  |b TXA 
999 f f |s d98faaa9-6981-340a-88ef-91d4de1752b5  |i 76cd9e24-3d07-36a8-8a15-5f696582b579  |t 0 
952 f f |p ric  |a Texas A&M University  |b Rellis Campus  |c Joint Library Facility  |d Remote Storage  |t 0  |e TR6.U62 M57 1990  |h Library of Congress classification  |i unmediated -- volume  |m A14813772079 
998 f f |a TR6.U62 M57 1990  |t 0  |l Remote Storage